000 00911cam a22003013a 4500
001 17814
003 PGUSA
005 20140828083359.0
008 060221s2006||||xxu|||||s|||||000 | eng d
040 _aPGUSA
_beng
042 _adc
050 4 _aPA
100 1 _aAristophanes,
_d-450--388
245 1 0 _aΛυσιστράτη
_h[electronic resource] /
_cAristophanes
260 _bProject Gutenberg,
_c2006
506 _aPublic domain in the USA.
516 _aElectronic text
653 _aGreece -- History -- Peloponnesian War, 431-404 B.C. -- Drama
653 _aPeace movements -- Drama
653 _aComedies
653 _aWomen and peace -- Drama
653 _aLysistrata (Fictitious character) -- Drama
700 1 _aDemetrakopoulos, Polyvios,
_d1864-1922
740 0 _aLysistrata
830 0 _aProject Gutenberg
_v17814
856 4 0 _uhttp://www.gutenberg.org/ebooks/17814
942 _cEB
999 _c247069
_d247069